Canadian Major Junior Hockey Teams - Statistics

General Stats
  • This quiz has been taken 1,602 times
    888 since last reset
  • The average score is 31 of 60
Answer Stats
Hint Answer % Correct
OHL London Knights
80%
QMJHL Halifax Mooseheads
71%
OHL Ottawa 67's
69%
WHL Kootenay Ice
68%
WHL Brandon Wheat Kings
67%
WHL Edmonton Oil Kings
67%
OHL Erie Otters
67%
WHL Regina Pats
67%
OHL Windsor Spitfires
65%
WHL Vancouver Giants
64%
OHL Kitchener Rangers
63%
WHL Calgary Hitmen
61%
OHL Hamilton Bulldogs
61%
WHL Kelowna Rockets
61%
OHL Oshawa Generals
60%
QMJHL Rimouski Oceanic
58%
OHL Sudbury Wolves
58%
OHL Barrie Colts
57%
WHL Medicine Hat Tigers
57%
OHL Kingston Frontenacs
56%
OHL North Bay Battalion
56%
QMJHL Saint John Sea Dogs
56%
WHL Saskatoon Blades
56%
OHL Mississauga Steelheads
55%
OHL Sault Ste. Marie Greyhounds
55%
QMJHL Acadie-Bathurst Titan
54%
OHL Peterborough Petes
54%
QMJHL Quebec Remparts
54%
OHL Sarnia Sting
54%
OHL Niagara IceDogs
53%
QMJHL Moncton Wildcats
52%
OHL Guelph Storm
51%
WHL Kamloops Blazers
51%
WHL Red Deer Rebels
50%
WHL Moose Jaw Warriors
49%
WHL Prince Albert Raiders
49%
OHL Saginaw Spirit
49%
WHL Victoria Royals
49%
WHL Portland Winterhawks
48%
WHL Seattle Thunderbirds
48%
OHL Flint Firebirds
47%
WHL Tri-City Americans
47%
QMJHL Charlottetown Islanders
46%
WHL Swift Current Broncos
46%
WHL Prince George Cougars
45%
QMJHL Gatineau Olympiques
44%
WHL Lethbridge Hurricanes
43%
QMJHL Victoriaville Tigres
43%
QMJHL Rouyn-Noranda Huskies
42%
OHL Owen Sound Attack
41%
WHL Spokane Chiefs
41%
QMJHL Cape Breton Screaming Eagles
39%
WHL Everett Silvertips
39%
QMJHL Blainville-Boisriand Armada
38%
QMJHL Drummondville Voltigeurs
38%
QMJHL Baie-Comeau Drakkar
37%
QMJHL Shawinigan Cataractes
36%
QMJHL Val-d'Or Foreurs
36%
QMJHL Sherbrooke Phoenix
34%
QMJHL Chicoutimi Sagueneens
31%
No matching quizzes found
Score Distribution
Percent of People with Each Score
Percentile by Number Answered
Your Score History
You have not taken this quiz since the last reset